00366nam a2200157Ia 4500003000900000008004100009040001300050040001300063245005600076245001100132250001300143260001500156300000800171490000600179600002300185IT-RoPAU120407s9999 xx 000 0 und d aIT-RoPAU cIT-RoPAU aBeatam me dicent! Ossia novenario mariano (vol. II) cAA.VV. aFirenze  aFiorentina c cm v1 asolo il 2° volume